| 000 | 00313nam a2200097Ia 4500 | ||
|---|---|---|---|
| 082 | _aR 650.03 GELD | ||
| 245 | 0 | _aNew business dictionary = : Nuwe sakewoordeboek | |
| 100 |
_a GELDENHUYS, J D U. Cape Town, 2003 4th rev. and expended ed _969312 |
||
| 942 | _cBK | ||
| 008 | 210817s9999 xx 000 0 und d | ||
| 999 |
_c223938 _d223937 |
||